[Event "RUS-ch Seniors"]
[Site "Odintsovo"]
[Date "2011.04.22"]
[Round "4"]
[White "Karpov, Vladimir"]
[Black "Balashov, Yuri S"]
[Result "0-1"]
[WhiteElo "2311"]
[BlackElo "2414"]
[PlyCount "94"]
[EventDate "2011.04.19"]
[EventType "swiss"]
[EventRounds "9"]
[EventCountry "RUS"]
[SourceTitle "CBM 142 Extra"]
[Source "ChessBase"]
[SourceDate "2011.06.27"]
[SourceVersion "1"]
[SourceVersionDate "2011.06.27"]
[SourceQuality "1"]

1. d4 Nf6 2. Nf3 e6 3. g3 b5 4. Bg2 Bb7 5. O-O c5 6. c3 Nc6 7. Re1 d5 8. Nbd2
Qb6 9. e3 Bd6 10. dxc5 Bxc5 11. Nb3 Be7 12. Nbd4 O-O 13. Nxc6 Bxc6 14. Nd4 Bd7
15. e4 Nxe4 16. Bxe4 dxe4 17. Rxe4 Rad8 18. Qe1 Bf6 19. Bf4 b4 20. Be5 Bxe5 21.
Rxe5 Rfe8 22. Nb3 bxc3 23. Qxc3 Bc6 24. Qc5 Qb8 25. Rae1 Ba8 26. Qb5 Qd6 27.
R5e2 Qc7 28. Rd2 Rb8 29. Qe2 Qc6 30. f3 Qxf3 31. Qxf3 Bxf3 32. Rd7 Rb7 33. Red1
Rxb3 34. axb3 Bxd1 35. Rxd1 Rb8 36. Rd7 g5 37. Rxa7 Rxb3 38. Ra2 Kg7 39. Kf2 f5
40. Ke2 f4 41. gxf4 gxf4 42. Kd1 Kf6 43. Kc1 Rh3 44. Ra8 Rxh2 45. b4 Ke5 46.
Rf8 Rh5 47. b5 Rf5 0-1

[Event "RUS-ch Seniors"]
[Site "Odintsovo"]
[Date "2011.04.23"]
[Round "5"]
[White "Balashov, Yuri S"]
[Black "Karasev, Vladimir I"]
[Result "1-0"]
[WhiteElo "2414"]
[BlackElo "2357"]
[PlyCount "61"]
[EventDate "2011.04.19"]
[EventType "swiss"]
[EventRounds "9"]
[EventCountry "RUS"]
[SourceTitle "CBM 142 Extra"]
[Source "ChessBase"]
[SourceDate "2011.06.27"]
[SourceVersion "1"]
[SourceVersionDate "2011.06.27"]
[SourceQuality "1"]

1. c4 e5 2. Nc3 Bb4 3. Nd5 Ba5 4. b4 c6 5. bxa5 cxd5 6. cxd5 Qxa5 7. e4 Nf6 8.
f3 d6 9. Ne2 Na6 10. Bb2 Nc5 11. Ng3 Bd7 12. Bc3 Qc7 13. Rc1 Ba4 14. Qe2 O-O
15. Qe3 Rfe8 16. Be2 Bd7 17. O-O Rac8 18. d4 Na4 19. Ba1 Qa5 20. dxe5 dxe5 21.
f4 Rxc1 22. Rxc1 exf4 23. Qxf4 Rc8 24. Rf1 Qc5+ 25. Kh1 Qe7 26. d6 Qe6 27. Nf5
Qxe4 28. Nh6+ Kh8 29. Qxf6 Qg6 30. Nxf7+ Kg8 31. Nh6+ 1-0

[Event "RUS-ch Seniors"]
[Site "Odintsovo"]
[Date "2011.04.25"]
[Round "7"]
[White "Balashov, Yuri S"]
[Black "Ostrovsky, Alexander"]
[Result "1-0"]
[WhiteElo "2414"]
[BlackElo "2356"]
[PlyCount "75"]
[EventDate "2011.04.19"]
[EventType "swiss"]
[EventRounds "9"]
[EventCountry "RUS"]
[SourceTitle "CBM 142 Extra"]
[Source "ChessBase"]
[SourceDate "2011.06.27"]
[SourceVersion "1"]
[SourceVersionDate "2011.06.27"]
[SourceQuality "1"]

1. c4 c6 2. e4 d5 3. exd5 cxd5 4. cxd5 Nf6 5. Nc3 Nxd5 6. Nf3 Nc6 7. Bb5 e6 8.
O-O Be7 9. Re1 O-O 10. d4 Bd7 11. Bd3 Rc8 12. a3 Nxc3 13. bxc3 Bf6 14. Rb1 b6
15. Ba6 Ra8 16. Bf4 Bc8 17. Bd3 Bb7 18. Be4 Na5 19. Bxb7 Nxb7 20. c4 Na5 21.
Qd3 Rc8 22. Rbc1 Qd7 23. Bg5 Qd8 24. Bd2 Nc6 25. d5 Qd7 26. Bg5 Bd8 27. Rcd1
exd5 28. cxd5 Na5 29. Ne5 Qd6 30. Bf4 Bc7 31. g3 Qd8 32. d6 Bb8 33. d7 Rc5 34.
Nxf7 Kxf7 35. Bxb8 Nc4 36. Bc7 Qxc7 37. Qf3+ Kg8 38. Re8 1-0

[Event "Izhevsk Corporation Cup-A 3rd"]
[Site "Izhevsk"]
[Date "2011.07.21"]
[Round "6"]
[White "Kanter, Eduard"]
[Black "Balashov, Yuri S"]
[Result "0-1"]
[WhiteElo "2411"]
[BlackElo "2440"]
[PlyCount "94"]
[EventDate "2011.07.15"]
[EventType "swiss"]
[EventRounds "9"]
[EventCountry "RUS"]
[SourceTitle "CBM 143 Extra"]
[Source "ChessBase"]
[SourceDate "2011.08.29"]
[SourceVersion "1"]
[SourceVersionDate "2011.08.29"]
[SourceQuality "1"]

1. d4 Nf6 2. c4 e6 3. Nf3 b6 4. g3 Bb7 5. Bg2 Bb4+ 6. Nbd2 O-O 7. O-O d5 8. Qa4
Bd6 9. Ne5 c5 10. cxd5 exd5 11. Ndc4 Bc7 12. Bf4 cxd4 13. Qc2 Na6 14. Qf5 Re8
15. Ng4 Nxg4 16. Qxg4 Qc8 17. Qxc8 Raxc8 18. Bxc7 Rxc7 19. Nd6 Rxe2 20. Rac1
Bc6 21. b4 Ba4 22. Bxd5 Kf8 23. Bc4 Rxc4 24. Rxc4 d3 25. Nf5 g6 26. Ne3 Rxa2
27. Rd4 d2 28. Rb1 Nc7 29. Kf1 Nb5 30. Rd3 Na3 31. Rd1 Bxd1 32. Nxd1 Nc4 33.
Ke2 b5 34. Rd7 Ra6 35. Ne3 Nxe3 36. fxe3 Ra2 37. Kd1 a6 38. Ra7 h5 39. e4 Ra4
40. Kxd2 Rxb4 41. Rxa6 Rxe4 42. Rb6 b4 43. Kd3 Rg4 44. Ke3 h4 45. Kf3 hxg3 46.
hxg3 f5 47. Rb7 Ke8 0-1

[Event "Tambov Korensky Memorial 20th"]
[Site "Tambov"]
[Date "2011.08.23"]
[Round "4"]
[White "Vyaznikov, Sergey O"]
[Black "Balashov, Yuri S"]
[Result "0-1"]
[WhiteElo "2306"]
[BlackElo "2440"]
[PlyCount "124"]
[EventDate "2011.08.20"]
[EventType "swiss"]
[EventRounds "9"]
[EventCountry "RUS"]
[SourceTitle "CBM 144 Extra"]
[Source "ChessBase"]
[SourceDate "2011.10.28"]
[SourceVersion "1"]
[SourceVersionDate "2011.10.28"]
[SourceQuality "1"]

1. d4 Nf6 2. Nf3 g6 3. e3 Bg7 4. b3 O-O 5. Bb2 c5 6. Be2 d5 7. O-O cxd4 8. exd4
Nc6 9. Nbd2 Bf5 10. a3 Rc8 11. c4 dxc4 12. bxc4 Ne4 13. Nb3 a5 14. a4 Nb4 15.
Nfd2 Ng5 16. Rc1 Bd7 17. Ra1 Ne6 18. Bc3 Nf4 19. Bf3 Qb6 20. Nxa5 Qxa5 21. Qb1
Bf5 22. Qxb4 Qxb4 23. Bxb4 Bxd4 24. Ra3 Rc7 25. Nb3 Bf6 26. c5 Nd3 27. Ba5 Rd7
28. Rb1 Ne5 29. Re1 Nxf3+ 30. gxf3 Rc8 31. Kg2 Be6 32. Bb4 Rd5 33. Nd2 Rg5+ 34.
Kf1 Rh5 35. Kg1 Be5 36. Nf1 Bd4 37. Ng3 Bxc5 38. Bxc5 Rhxc5 39. a5 Rc3 40. Rxc3
Rxc3 41. Re3 Rc5 42. Ra3 Bh3 43. Ra1 Rb5 44. f4 Rb4 45. f3 Rxf4 46. Kf2 Rb4 47.
Ne4 Rb2+ 48. Kg3 Bf5 49. Nc3 Kf8 50. a6 bxa6 51. Rxa6 Rc2 52. Ra3 f6 53. h4 h5
54. Rb3 Kf7 55. Ra3 Rd2 56. Ra4 Rd3 57. Ne2 Bg4 58. Ng1 Bd7 59. Rc4 Rd2 60. Rb4
e5 61. Rb6 g5 62. Rb4 f5 0-1

[Event "Moscow op-A"]
[Site "Moscow"]
[Date "2012.02.02"]
[Round "6"]
[White "Ageichenko, Genadi A"]
[Black "Balashov, Yuri S"]
[Result "0-1"]
[WhiteElo "2344"]
[BlackElo "2442"]
[PlyCount "74"]
[EventDate "2012.01.28"]
[EventType "swiss"]
[EventRounds "9"]
[EventCountry "RUS"]
[SourceTitle "CBM 146 Extra"]
[Source "ChessBase"]
[SourceDate "2012.02.29"]
[SourceVersion "1"]
[SourceVersionDate "2012.02.29"]
[SourceQuality "1"]

1. Nf3 c5 2. c4 Nc6 3. Nc3 g6 4. b3 Bg7 5. Bb2 d6 6. g3 e5 7. Bg2 Nge7 8. O-O
O-O 9. Ne1 Be6 10. Nd5 Bg4 11. h3 Bd7 12. Nxe7+ Nxe7 13. Nc2 Qc8 14. Kh2 Bc6
15. Ne3 f5 16. Nd5 Nxd5 17. cxd5 Bd7 18. e3 Qd8 19. Bc3 a5 20. d3 b5 21. a3 b4
22. Bb2 Qb6 23. a4 Rae8 24. Qd2 Bc8 25. f4 exf4 26. exf4 Bxb2 27. Qxb2 Ba6 28.
Qd2 Qd8 29. Rae1 Qf6 30. Re3 Qc3 31. Qe2 Bxd3 32. Qf3 Rxe3 33. Qxe3 Bxf1 34.
Qe6+ Kg7 35. Bxf1 Qf6 36. Qd7+ Rf7 37. Qb5 Qb2+ 0-1

[Event "Moscow op-A"]
[Site "Moscow"]
[Date "2012.02.05"]
[Round "9"]
[White "Balashov, Yuri S"]
[Black "Romanishin, Oleg M"]
[Result "1-0"]
[WhiteElo "2442"]
[BlackElo "2541"]
[PlyCount "67"]
[EventDate "2012.01.28"]
[EventType "swiss"]
[EventRounds "9"]
[EventCountry "RUS"]
[SourceTitle "CBM 146 Extra"]
[Source "ChessBase"]
[SourceDate "2012.02.29"]
[SourceVersion "1"]
[SourceVersionDate "2012.02.29"]
[SourceQuality "1"]

1. Nf3 Nf6 2. c4 d6 3. Nc3 Bg4 4. e3 g6 5. Be2 c5 6. h3 Bd7 7. d4 cxd4 8. exd4
Bg7 9. Be3 O-O 10. O-O Bf5 11. d5 Na6 12. Nd4 Bd7 13. Rc1 Nc5 14. b4 Nce4 15.
Nxe4 Nxe4 16. Bf3 Nf6 17. c5 Bf5 18. Nxf5 gxf5 19. Qd3 a5 20. b5 dxc5 21. Rxc5
e6 22. Rd1 Nd7 23. Rcc1 Ne5 24. Qe2 Nxf3+ 25. Qxf3 Qe7 26. b6 Rac8 27. dxe6
Qxe6 28. Qxb7 Rxc1 29. Rxc1 Qxa2 30. Qe7 Qe6 31. Qxe6 fxe6 32. b7 Be5 33. Rc8
Kf7 34. Ba7 1-0

[Event "Moscow-ch"]
[Site "Moscow"]
[Date "2012.03.10"]
[Round "1"]
[White "Babikov, Ivan"]
[Black "Balashov, Yuri S"]
[Result "0-1"]
[WhiteElo "2325"]
[BlackElo "2449"]
[PlyCount "94"]
[EventDate "2012.03.10"]
[EventType "swiss"]
[EventRounds "9"]
[EventCountry "RUS"]
[SourceTitle "CBM 147 Extra"]
[Source "ChessBase"]
[SourceDate "2012.04.24"]
[SourceVersion "1"]
[SourceVersionDate "2012.04.24"]
[SourceQuality "1"]

1. e4 c5 2. c3 e6 3. d4 d5 4. exd5 exd5 5. Nf3 Nc6 6. Bb5 Bd6 7. dxc5 Bxc5 8.
O-O Nge7 9. Re1 O-O 10. Bd3 Qb6 11. Qc2 Ng6 12. b4 Bd6 13. Be3 Qc7 14. h3 Nce5
15. Nxe5 Bxe5 16. Bc5 Rd8 17. Nd2 b6 18. Bd4 Bxd4 19. cxd4 Qf4 20. Bxg6 hxg6
21. Qd3 Bf5 22. Qe3 Qxe3 23. Rxe3 Rac8 24. Rae1 Kf8 25. Nf3 f6 26. g4 Be4 27.
Nd2 Bc2 28. Re7 Re8 29. Rxe8+ Rxe8 30. Rc1 Bd3 31. Nf1 Bc4 32. Ne3 b5 33. Rc3
Re4 34. Ra3 Rxd4 35. Rxa7 Rd2 36. Nxc4 bxc4 37. Kf1 d4 38. Rc7 c3 39. Ke1 Rxa2
40. Rc4 Rb2 41. Kd1 Rd2+ 42. Ke1 Ke7 43. b5 Kd6 44. b6 Kd5 45. b7 Rb2 46. Rc7
Ke4 47. Re7+ Kd3 0-1

[Event "Moscow-ch"]
[Site "Moscow"]
[Date "2012.03.14"]
[Round "5"]
[White "Gorbatov, Alexej"]
[Black "Balashov, Yuri S"]
[Result "0-1"]
[WhiteElo "2363"]
[BlackElo "2449"]
[PlyCount "69"]
[EventDate "2012.03.10"]
[EventType "swiss"]
[EventRounds "9"]
[EventCountry "RUS"]
[SourceTitle "CBM 147 Extra"]
[Source "ChessBase"]
[SourceDate "2012.04.24"]
[SourceVersion "1"]
[SourceVersionDate "2012.04.24"]
[SourceQuality "1"]

1. e4 c5 2. Nf3 Nc6 3. d4 cxd4 4. Nxd4 Nf6 5. Nc3 d6 6. Be2 e6 7. O-O Be7 8.
Be3 a6 9. a4 Bd7 10. Nb3 Na5 11. Nd2 Qc7 12. Bd3 d5 13. exd5 exd5 14. Qf3 Be6
15. Rfe1 Nc6 16. Bf4 Bd6 17. Bxd6 Qxd6 18. Nb3 O-O 19. h3 Rad8 20. Rad1 Qb4 21.
g4 h6 22. a5 Nxa5 23. Nd4 Nc6 24. Nf5 Bxf5 25. Bxf5 Nd4 26. Qf4 Nxc2 27. Qxb4
Nxb4 28. Re7 b5 29. h4 g6 30. g5 hxg5 31. hxg5 d4 32. gxf6 dxc3 33. Bd7 cxb2
34. Ree1 Nc2 35. Ra1 0-1

[Event "Moscow-ch"]
[Site "Moscow"]
[Date "2012.03.15"]
[Round "6"]
[White "Balashov, Yuri S"]
[Black "Morozov, Grigory"]
[Result "1-0"]
[WhiteElo "2449"]
[BlackElo "2353"]
[PlyCount "125"]
[EventDate "2012.03.10"]
[EventType "swiss"]
[EventRounds "9"]
[EventCountry "RUS"]
[SourceTitle "CBM 147 Extra"]
[Source "ChessBase"]
[SourceDate "2012.04.24"]
[SourceVersion "1"]
[SourceVersionDate "2012.04.24"]
[SourceQuality "1"]

1. c4 e6 2. g3 d5 3. Bg2 Nf6 4. Nf3 Be7 5. O-O O-O 6. b3 c5 7. Bb2 Nc6 8. e3 d4
9. exd4 cxd4 10. Re1 Re8 11. a3 a5 12. d3 Bf8 13. Nbd2 h6 14. Rc1 Nd7 15. Nh4
Be7 16. Qh5 Nc5 17. Bf1 e5 18. Rb1 Bf6 19. Ne4 Nxb3 20. Nf5 Be7 21. c5 Nxc5 22.
Bc1 Bxf5 23. Qxf5 Qc8 24. Qxc8 Rexc8 25. Nxc5 Bxc5 26. Rxb7 Ra7 27. Rxa7 Bxa7
28. Bd2 Rb8 29. Bg2 Rb2 30. Bxc6 Rxd2 31. Rxe5 Bb6 32. Bb5 f6 33. Bc4+ Kh7 34.
Rb5 Bc7 35. a4 Re2 36. Rc5 Re7 37. h4 g5 38. h5 Kg7 39. Kg2 Bb6 40. Rc6 Bc7 41.
Kf3 Be5 42. Ra6 Bc7 43. Be6 Be5 44. Ke4 Bb8 45. f4 gxf4 46. gxf4 Ra7 47. Rb6
Bc7 48. Rc6 Kf8 49. Bc4 Kg7 50. Kf5 Bd8 51. Rd6 Be7 52. Rxd4 Rc7 53. Ke6 Bb4
54. Rd8 Re7+ 55. Kf5 Rc7 56. Be6 Rc5+ 57. Bd5 Bc3 58. Rd7+ Kf8 59. Ke6 Rc8 60.
Rf7+ Kg8 61. Rb7 Rd8 62. Bc4 Kh8 63. Kf5 1-0

[Event "Izhevsk Corporation Cup-A 4th"]
[Site "Izhevsk"]
[Date "2012.07.16"]
[Round "2"]
[White "Balashov, Yuri S"]
[Black "Khismatullin, Denis Rimovich"]
[Result "1-0"]
[WhiteElo "2446"]
[BlackElo "2664"]
[PlyCount "81"]
[EventDate "2012.07.15"]
[EventType "swiss"]
[EventRounds "9"]
[EventCountry "RUS"]
[SourceTitle "EXT 2013"]
[Source "ChessBase"]
[SourceDate "2012.11.22"]
[SourceVersion "1"]
[SourceVersionDate "2012.11.22"]
[SourceQuality "1"]

1. d4 Nf6 2. Nf3 e6 3. c4 c5 4. d5 b5 5. dxe6 fxe6 6. cxb5 d5 7. Nbd2 Bd6 8. e4
Nbd7 9. Qe2 Qc7 10. exd5 O-O 11. dxe6 Nb6 12. Qd1 Bxe6 13. Be2 Rad8 14. O-O Kh8
15. a4 Rfe8 16. a5 Nbd5 17. Bc4 Bf5 18. Qb3 Nb4 19. b6 axb6 20. axb6 Qxb6 21.
Ng5 Re7 22. Nf7+ Rxf7 23. Bxf7 Qc7 24. Bc4 Bxh2+ 25. Kh1 Nc2 26. Ra6 Bd6 27.
Nf3 Nb4 28. Ng5 Rf8 29. Ra8 h6 30. Rxf8+ Bxf8 31. Ne6 Qf7 32. Nxf8 Qxf8 33. Qf3
Be4 34. Qf4 Qe8 35. Be3 Nbd5 36. Bxd5 Nxd5 37. Qg3 Qb5 38. Re1 Qb4 39. f3 Bd3
40. Bxh6 Qxb2 41. Re5 1-0

[Event "EU-ch Seniors 12th"]
[Site "Kaunas"]
[Date "2012.08.24"]
[Round "7"]
[White "Golcman, Evgeny"]
[Black "Balashov, Yuri S"]
[Result "0-1"]
[WhiteElo "2330"]
[BlackElo "2450"]
[PlyCount "130"]
[EventDate "2012.08.18"]
[EventType "swiss"]
[EventRounds "9"]
[EventCountry "LTU"]
[SourceTitle "CBM 150 Extra"]
[Source "ChessBase"]
[SourceDate "2012.10.19"]
[SourceVersion "1"]
[SourceVersionDate "2012.10.19"]
[SourceQuality "1"]

1. c4 e5 2. g3 Nc6 3. Bg2 g6 4. Nc3 Bg7 5. Nf3 d6 6. d3 Nge7 7. Bd2 O-O 8. Qc1
Nf5 9. O-O Bd7 10. Bg5 f6 11. Bd2 Rb8 12. Rb1 Nfd4 13. b4 Nxf3+ 14. Bxf3 Nd4
15. Bd5+ Kh8 16. e3 Ne6 17. Ne2 c6 18. Bg2 Nc7 19. f4 Bg4 20. Rf2 Qd7 21. Qf1
d5 22. cxd5 cxd5 23. Bc3 Kg8 24. Qc1 Rbc8 25. Qb2 Rfe8 26. b5 Bf5 27. fxe5 fxe5
28. e4 Bg4 29. a4 d4 30. Bd2 Rf8 31. Rbf1 Rxf2 32. Rxf2 Rf8 33. Rxf8+ Bxf8 34.
Nc1 Qf7 35. b6 axb6 36. Qxb6 Ne6 37. h3 Bd1 38. a5 h5 39. h4 Kh7 40. a6 bxa6
41. Qxa6 Nc5 42. Qb5 Bg4 43. Qb8 Nd7 44. Qb5 Be6 45. Bg5 Be7 46. Bxe7 Qxe7 47.
Kh2 Nf6 48. Bf3 Qc7 49. Qb2 Qa5 50. Ne2 Bg4 51. Qb7+ Kg8 52. Qb8+ Kg7 53. Qb7+
Bd7 54. Kg2 Qc5 55. Kf2 Kf7 56. Ke1 Qa5+ 57. Kf2 Qd2 58. Qc7 Qxd3 59. Qxe5 Qe3+
60. Kg2 d3 61. Qf4 Qxf4 62. Nxf4 d2 63. Kf2 Ba4 64. e5 Ng4+ 65. Kg2 Nxe5 0-1

[Event "Vladivostok Russian Cup"]
[Site "Vladivostok"]
[Date "2012.09.18"]
[Round "2"]
[White "Smirnov, Pavel"]
[Black "Balashov, Yuri S"]
[Result "0-1"]
[WhiteElo "2599"]
[BlackElo "2455"]
[PlyCount "34"]
[EventDate "2012.09.17"]
[EventType "swiss"]
[EventRounds "9"]
[EventCountry "RUS"]
[SourceTitle "CBM 150 Extra"]
[Source "ChessBase"]
[SourceDate "2012.10.19"]
[SourceVersion "1"]
[SourceVersionDate "2012.10.19"]
[SourceQuality "1"]

1. d4 Nf6 2. c4 e6 3. Nc3 Bb4 4. Qc2 d6 5. Bg5 h6 6. Bh4 Nbd7 7. e3 e5 8. Bd3
Qe7 9. Nge2 g5 10. dxe5 dxe5 11. Ng3 Bxc3+ 12. Qxc3 Nc5 13. Bxg5 hxg5 14. O-O-O
Nxd3+ 15. Rxd3 Bd7 16. Rhd1 O-O-O 17. Qa5 a6 0-1

[Event "Vladivostok Russian Cup"]
[Site "Vladivostok"]
[Date "2012.09.24"]
[Round "8"]
[White "Rychkov, Oleg"]
[Black "Balashov, Yuri S"]
[Result "0-1"]
[WhiteElo "2315"]
[BlackElo "2455"]
[PlyCount "102"]
[EventDate "2012.09.17"]
[EventType "swiss"]
[EventRounds "9"]
[EventCountry "RUS"]
[SourceTitle "CBM 150 Extra"]
[Source "ChessBase"]
[SourceDate "2012.10.19"]
[SourceVersion "1"]
[SourceVersionDate "2012.10.19"]
[SourceQuality "1"]

1. e4 d6 2. d4 g6 3. g3 Bg7 4. Bg2 Nf6 5. Ne2 O-O 6. O-O e5 7. Nbc3 Nc6 8. Re1
exd4 9. Nxd4 Bd7 10. Nxc6 bxc6 11. e5 dxe5 12. Rxe5 Nd5 13. Bg5 Nxc3 14. bxc3
f6 15. Re3 fxg5 16. Rd3 Qf6 17. Rxd7 Qxf2+ 18. Kh1 Bxc3 19. Rb1 Rae8 20. Qf1
Qc5 21. Qg1 Qxg1+ 22. Kxg1 Ba5 23. h3 Bb6+ 24. Kh1 Re2 25. Rf1 Rxf1+ 26. Bxf1
Rxc2 27. Bd3 Rc3 28. Kg2 a5 29. Be4 Bc5 30. Bxc6 Bd6 31. Bd5+ Kh8 32. Rd8+ Kg7
33. Rd7+ Kf6 34. Rf7+ Ke5 35. Bb3 Kd4 36. Rxh7 Rxg3+ 37. Kf2 Kc3 38. Rh6 Bf4
39. Be6 c5 40. Rh8 Kb4 41. Rh7 c4 42. Rb7+ Kc5 43. Rb2 c3 44. Re2 Kd4 45. Bd7
Re3 46. Ba4 Rxh3 47. Bc2 Rh2+ 48. Kf1 Rxe2 49. Kxe2 g4 50. Bxg6 g3 51. Kf3 g2
0-1

[Event "Wch Seniors 22nd"]
[Site "Kamena Vourla"]
[Date "2012.11.21"]
[Round "8"]
[White "Karasev, Vladimir I"]
[Black "Balashov, Yuri S"]
[Result "0-1"]
[WhiteElo "2376"]
[BlackElo "2475"]
[PlyCount "90"]
[EventDate "2012.11.13"]
[EventType "swiss"]
[EventRounds "11"]
[EventCountry "GRE"]
[SourceTitle "CBM 151 Extra"]
[Source "ChessBase"]
[SourceDate "2012.12.18"]
[SourceVersion "1"]
[SourceVersionDate "2012.12.18"]
[SourceQuality "1"]

1. c4 Nf6 2. Nc3 e6 3. d4 Bb4 4. Qc2 d5 5. cxd5 Qxd5 6. Nf3 Qf5 7. Qxf5 exf5 8.
Bd2 c6 9. Ne5 Be6 10. Nd3 Bd6 11. Bf4 Bxf4 12. Nxf4 Nbd7 13. e3 Ke7 14. Be2 g5
15. Nxe6 fxe6 16. O-O-O Nb6 17. h4 g4 18. Bd3 g3 19. fxg3 Rag8 20. e4 fxe4 21.
Nxe4 Nxe4 22. Bxe4 Rxg3 23. Rd3 Rg7 24. Re1 Kd6 25. Bf3 Rf8 26. Rde3 Rf6 27. g4
h6 28. Rg1 Nd5 29. Bxd5 cxd5 30. g5 Rf4 31. Rge1 Re7 32. Rd1 h5 33. Rh3 Ref7
34. Kc2 Rg4 35. Rd2 Rff4 36. Kc3 Ke7 37. a4 Rxh4 38. Rxh4 Rxh4 39. g6 Rg4 40.
Rh2 h4 41. a5 Kf6 42. Rf2+ Kxg6 43. Rf8 Rg5 44. Rg8+ Kf5 45. Rh8 Kg4 0-1

[Event "Moscow Govrnor Cup-A rapid"]
[Site "Moscow"]
[Date "2013.02.19"]
[Round "6"]
[White "Balashov, Yuri S"]
[Black "Papin, Vasily"]
[Result "1-0"]
[WhiteElo "2481"]
[BlackElo "2562"]
[PlyCount "113"]
[EventDate "2013.02.19"]
[EventType "swiss (rapid)"]
[EventRounds "11"]
[EventCountry "RUS"]
[SourceTitle "CBM 153 Extra"]
[Source "ChessBase"]
[SourceDate "2013.04.22"]
[SourceVersion "1"]
[SourceVersionDate "2013.04.22"]
[SourceQuality "1"]

1. d4 Nf6 2. c4 e6 3. Nc3 Bb4 4. e3 c5 5. Nge2 cxd4 6. exd4 d5 7. c5 O-O 8. a3
Ba5 9. b4 Bc7 10. g3 e5 11. Bg2 exd4 12. Nxd4 Bg4 13. f3 Re8+ 14. Nce2 Bd7 15.
O-O Nc6 16. Bf4 Nxd4 17. Nxd4 Bxf4 18. gxf4 Nh5 19. Qd2 Qf6 20. Rfe1 Nxf4 21.
Bf1 Ng6 22. Qf2 h5 23. Rad1 Nf4 24. Ne2 Ba4 25. Rd4 Ne6 26. Rxd5 Bc6 27. Rd6
Qg5+ 28. Bg2 Bb5 29. h4 Qf5 30. Ng3 Qg6 31. f4 Qg4 32. Re4 Bc6 33. Rxc6 bxc6
34. f5 Qd1+ 35. Re1 Qb3 36. fxe6 Rxe6 37. Rxe6 Qxe6 38. Nxh5 Rd8 39. Qg3 g6 40.
Nf4 Qf6 41. h5 Rd1+ 42. Kh2 Rd4 43. Nh3 Rd2 44. hxg6 fxg6 45. Ng5 Qb2 46. Ne4
Qh8+ 47. Kg1 Qd4+ 48. Nf2 Kg7 49. Bxc6 Qa1+ 50. Kg2 Qd4 51. Bf3 a5 52. c6 axb4
53. c7 Rc2 54. axb4 Qxb4 55. Qe5+ Kh7 56. Be4 Rc1 57. Qh5+ 1-0

[Event "Moscow Govrnor Cup-A rapid"]
[Site "Moscow"]
[Date "2013.02.20"]
[Round "8"]
[White "Balashov, Yuri S"]
[Black "Ponkratov, Pavel"]
[Result "1-0"]
[WhiteElo "2481"]
[BlackElo "2584"]
[PlyCount "137"]
[EventDate "2013.02.19"]
[EventType "swiss (rapid)"]
[EventRounds "11"]
[EventCountry "RUS"]
[SourceTitle "CBM 153 Extra"]
[Source "ChessBase"]
[SourceDate "2013.04.22"]
[SourceVersion "1"]
[SourceVersionDate "2013.04.22"]
[SourceQuality "1"]

1. d4 Nf6 2. Nf3 e6 3. e3 b6 4. Bd3 Bb7 5. O-O c5 6. b3 Qc7 7. c4 Ng4 8. Nbd2
cxd4 9. exd4 Bb4 10. h3 Nf6 11. Bb2 d5 12. Rc1 Qe7 13. c5 bxc5 14. a3 Bxd2 15.
Qxd2 Nbd7 16. dxc5 Nxc5 17. Bxf6 gxf6 18. Bb5+ Kf8 19. Qh6+ Kg8 20. Nd4 Ne4 21.
Rfe1 Qf8 22. Qh4 Rc8 23. b4 h5 24. Bd3 Rh6 25. f3 Nd6 26. b5 f5 27. Nc6 Bxc6
28. Rxc6 Rd8 29. a4 Rg6 30. a5 Rb8 31. b6 axb6 32. axb6 Nc8 33. Rb1 Qa3 34. Bf1
Kh7 35. b7 Nd6 36. Qe7 Qa7+ 37. Kh1 Rxb7 38. Rxb7 Qxb7 39. Qxd6 Qb1 40. Kg1 Qd1
41. Qe5 Qb3 42. Rc7 Rg7 43. Qd4 Qb8 44. Qc5 Qb3 45. Qd4 Qb8 46. Rc1 Qd6 47. Qh4
Kg6 48. f4 Qb8 49. Be2 Kh7 50. Qxh5+ Kg8 51. Qh4 Rg6 52. Bf3 Rg7 53. Kh1 Rg6
54. Re1 Qd6 55. Bh5 Rg7 56. Qf2 Qd8 57. Qd4 Qh4 58. Qd1 Qxf4 59. Qe2 Rg5 60.
Bxf7+ Kxf7 61. Qxe6+ Kg7 62. Qe7+ Kh6 63. Qf8+ Rg7 64. Qh8+ Rh7 65. Re6+ Kg5
66. Qg8+ Kh4 67. Qxh7+ Kg3 68. Qg7+ Kf2 69. Qb2+ 1-0

[Event "Moscow-ch"]
[Site "Moscow"]
[Date "2013.03.26"]
[Round "5"]
[White "Vorobiov, Evgeny E"]
[Black "Balashov, Yuri S"]
[Result "0-1"]
[WhiteElo "2578"]
[BlackElo "2481"]
[PlyCount "116"]
[EventDate "2013.03.22"]
[EventType "swiss"]
[EventRounds "9"]
[EventCountry "RUS"]
[SourceTitle "CBM 153 Extra"]
[Source "ChessBase"]
[SourceDate "2013.04.22"]
[SourceVersion "1"]
[SourceVersionDate "2013.04.22"]
[SourceQuality "1"]

1. e4 e5 2. Nf3 Nc6 3. Nc3 Nf6 4. Bb5 Bb4 5. O-O O-O 6. d3 d6 7. Bg5 Ne7 8. Nh4
c6 9. Bc4 d5 10. Bb3 Qd6 11. exd5 h6 12. Bd2 Bxc3 13. bxc3 cxd5 14. c4 Bg4 15.
Qe1 Nc6 16. f4 dxc4 17. Bxc4 e4 18. Qf2 Rfe8 19. Rfe1 Be6 20. Bxe6 Qxe6 21. Bc3
Rad8 22. Rab1 Rd7 23. Bxf6 e3 24. Qg3 Qxf6 25. Rxe3 Rxe3 26. Qxe3 Re7 27. Qf2
b6 28. Re1 Rxe1+ 29. Qxe1 Qd4+ 30. Kh1 Qxf4 31. g3 Qf6 32. Kg2 g6 33. Nf3 Kg7
34. Qe4 Qc3 35. d4 Nb4 36. Qe5+ Kh7 37. Ne1 Qc4 38. a3 Nc6 39. Qe4 Nxd4 40. Kf2
Qc5 41. Kg2 Nb5 42. Qb7 Qc4 43. Qe7 a5 44. h4 Nxa3 45. h5 Qd5+ 46. Nf3 Nxc2 47.
hxg6+ Kxg6 48. Qe8 Kg7 49. Kf2 Qe6 50. Qa8 Qe3+ 51. Kf1 Nd4 52. Nh4 Qe2+ 53.
Kg1 Qg4 54. Qb8 Nf3+ 55. Nxf3 Qxf3 56. Qxb6 Qxg3+ 57. Kh1 Qh4+ 58. Kg2 Qg5+ 0-1

[Event "Moscow-ch"]
[Site "Moscow"]
[Date "2013.03.29"]
[Round "7"]
[White "Deviatkin, Andrei"]
[Black "Balashov, Yuri S"]
[Result "0-1"]
[WhiteElo "2549"]
[BlackElo "2481"]
[PlyCount "118"]
[EventDate "2013.03.22"]
[EventType "swiss"]
[EventRounds "9"]
[EventCountry "RUS"]
[SourceTitle "CBM 153 Extra"]
[Source "ChessBase"]
[SourceDate "2013.04.22"]
[SourceVersion "1"]
[SourceVersionDate "2013.04.22"]
[SourceQuality "1"]

1. e4 c5 2. c3 d5 3. exd5 Qxd5 4. d4 Nc6 5. Be3 cxd4 6. cxd4 e5 7. Nc3 Bb4 8.
Nf3 exd4 9. Nxd4 Nf6 10. Be2 Ne4 11. Ndb5 Qe5 12. O-O Bxc3 13. Nxc3 Nxc3 14.
bxc3 O-O 15. Rb1 b6 16. Bf3 Qc7 17. Qa4 Bb7 18. Rfd1 Ne5 19. Be2 Rfe8 20. h4
Qe7 21. h5 h6 22. Qf4 Rac8 23. c4 Ba6 24. Rbc1 Rc6 25. Rd5 Re6 26. Bd1 Bb7 27.
Rd4 Nc6 28. Rd2 Re4 29. Qg3 Re6 30. Bg4 Qa3 31. Rcd1 Rf6 32. Bf3 Ba8 33. Rd6
Rxd6 34. Rxd6 Ne7 35. Bg4 Qa5 36. c5 bxc5 37. Bxh6 gxh6 38. Bd7+ Kf8 39. Bxe8
Nf5 40. Qf4 Nxd6 41. Qxd6+ Kxe8 42. Qb8+ Qd8 43. Qe5+ Kd7 44. Qxc5 Qb6 45. Qc4
Ke7 46. a4 a5 47. Kh2 Qc6 48. Qh4+ Kd7 49. f3 Qd6+ 50. Kh1 Bc6 51. Qg4+ Kc7 52.
Qf5 Bd5 53. g4 Qe6 54. Qf4+ Qd6 55. Qf5 Kb6 56. Kg2 Kc5 57. g5 hxg5 58. Qxg5
Qe6 59. Qd2 Qg4+ 0-1